Landen van Oceanië - Kaartquiz - Statistieken

Algemene statistieken
  • Deze quiz is 191 keer genomen
  • De gemiddelde score is 9 van 16
Antwoorden op de kaart
Antwoorden kleurgecodeerd door een groen-rode schaal op de quizkaart volgens % correct hieronder.
 
Antwoordstatistieken
Antwoord % Correct
Australië
100%
Nieuw-Zeeland
96%
Papoea-Nieuw-Guinea
91%
Micronesia
66%
Fiji
55%
Kiribati
55%
Salomonseilanden
55%
Marshalleilanden
53%
Palau
47%
Nauru
45%
Samoa
37%
Nieuw Caledonië (Frankrijk)
36%
Tonga
33%
Vanuatu
33%
Frans Polynesië
30%
Tuvalu
29%
Geen overeenkomende quizzen gevonden
Scoreverdeling
Procent van Mensen met Elke Score
Percentiel versus Aantal Correcte Antwoorden
Uw Scoregeschiedenis
U heeft deze quiz nog niet genomen